000 00259nam a2200109Ia 4500
005 20251222175919.0
008 251222s9999||||xx |||||||||||||| ||spa||
020 _a8431508817
082 _a657.037/V39
245 0 _aCurso Completo de Contabilidad
942 _cLIB
999 _c40612
_d40612